[Event "match SGA Kamp."]
[Site "?"]
[Date "2001.01.22"]
[Round "?"]
[White "Witt, R."]
[Black "Luberti, W."]
[Result "1-0"]
[WhiteElo "2226"]
[BlackElo "2233"]
[Annotator "Witt"]
[PlyCount "77"]

{De eerste rapidpartij met 30' bedenktijd.} 1. d4 g6 2. e4 Bg7 3. c3 Nf6 $6 {
Tot nu toe heeft Luberti me 3x bestookt met het ongebruikelijke 3...d5 i.p.v.
het normale 3...d6. De tekstzet heb ik helemaal nog nooit gezien in deze
stelling.} 4. e5 $6 {Met overgang naar een soort Aljechin waar c3 geen nuttige
zet is. Ik denk achterad dat 4.Ld3 beter is.} Nd5 5. Bc4 $6 {Ook hier ben ik
achteraf niet tevreden over.} c6 $1 6. Qf3 O-O {Een creati ef pionoffer waar
ik wel blij mee was want na het verwachte 6....d6 heeft wit niks volgens mij.}
7. Bxd5 cxd5 8. Qxd5 Nc6 9. Nf3 b6 10. O-O Bb7 11. Qe4 d6 12. Bf4 Qd7 13. Qe3
dxe5 14. dxe5 Qf5 15. Na3 {Het paard staat hier niet geweldig maar na 15.Pbd2
Tad8 vond ik het gat op d3 vervelend.} f6 16. exf6 {Waarschijnlijk was 16.e6
beter.} Bxf6 17. Rad1 Rad8 ({Ik hoopte op} 17... Bxc3 18. Qxc3 Qxf4 19. Rd7 Na5
20. Re1 {waarna de stelling wat eenvoudiger is en wit nog steeds beter staat.
Ik had inmiddels een aanzienlijke achterstand op de klok opgelopen.}) 18. Bg3
g5 19. Rfe1 h5 20. h4 g4 21. Ng5 Bxg5 22. Qxg5+ (22. hxg5 {was sterker}) 22...
Qxg5 23. hxg5 Kf7 {Ik sta beter maar de stelling is moeilijk te spelen, zeker
met minder tijd. In het vervolg probeer ik wat tijd in te lopen maar dat maakt
de stelling er niet beter op.} 24. Rxd8 $6 Rxd8 25. Bf4 Kg6 26. Nc4 Rd5 27. Be3
b5 28. Na3 a6 29. c4 Rf5 $6 (29... bxc4 30. Nxc4 $14) 30. cxb5 $6 (30. Rd1 $16)
30... axb5 31. Rc1 h4 32. Rc5 Ne5 {Beide spelers hebben nu erg weinig tijd. De
partij is een loterij geworden.} (32... Rxc5 33. Bxc5 Ba6 $11) 33. Nxb5 $2 {
veel te riskant, het begint uit de hand te lopen voor wit.} (33. Rxb5 $1 {
gevolgd door Tb6+ en Th6+-}) 33... h3 34. Nd4 $5 (34. f4 $2 Nf3+ $3 35. gxf3 g3
$3 {met de dreiging Lxf3 en h2 -+}) 34... Bxg2 35. f4 $2 {Moeilijk te zien dat
dit verliest omdat beide spelers a tempo moeten zetten.} (35. Kh2 Nf3+ 36. Nxf3
Bxf3 37. Rc8 $16 {Ik neem aan dat Txf5 niet winnend is.}) 35... gxf3 $2 (35...
g3 $3 {wint in alle varianten. Door beide spelers overzien, ook direct na de
partij. Ik zag dit idee pas de volgende dag toen ik in Wijk aan Zee de partij
aan een paar clubgenoten toonde.}) 36. Nxf5 $18 Ng4 37. Nh4+ Kf7 38. g6+ Kf8
39. Nxg2 {en na nog enkele zetten gaf zwart op.} 1-0

[Event "Match SGA Kamp."]
[Site "?"]
[Date "2001.01.22"]
[Round "2"]
[White "Luberti, W."]
[Black "Witt, R."]
[Result "0-1"]
[WhiteElo "2233"]
[BlackElo "2226"]
[Annotator "Witt"]
[PlyCount "60"]

{De 1-0 voorsprong gaf het prettige gevoel dat ik nu rustig Frans kon spelen
zonder me zorgen te maken om de ruilvariant. Remise was immers genoeg. Helaas
kan ik me deze partij niet meer goed herinneren, alleen de eerste 30 zetten.} 
1. e4 e6 2. d4 d5 3. Nc3 Bb4 4. e5 Ne7 5. a3 Bxc3+ 6. bxc3 b6 {Ik speel ook de
hoofdvarianten met 6...c5 maar ik herinnerde me dat Luberti vorig jaar een
mooie partij van Jolles had gewonnen in het SGA Kampioenschap. Misschien is
hij minder bekend met de tekstzet, het oude en vergeten Ivkov/ Matulovic
systeem.} 7. Qg4 Ng6 8. h4 h5 9. Qg3 {Grappig dat de meeste witspelers dit
zonder al teveel nadenken spelen terwijl de hele variant in onbruik geraakt is
vanwege 9.Dd1 terwijl ook 9.Df3 sterker is dan de tekstzet.} Ba6 10. Ne2 Qd7
11. a4 Kf8 (11... Bc4 {geeft de theorie met gelijk spel. De tekstzet heb ik ca.
25 jaar geleden uitgebreid geanalyseerd. Ik kan me de varianten niet meer
herinneren, alleen de conclusie dat zwart minstens gelijk staat.}) 12. Nf4 Bxf1
{en dit vond ik beter dan Pxf4 al is Fritz dit niet met me eens.} 13. Nxg6+
fxg6 14. Kxf1 Qf7 {Nauwkeuriger is De8} 15. Rh3 Nc6 16. Qg5 Kg8 ({Een ernstige
fout is} 16... Ne7 $2 17. Ba3 $18 {want het zwarte paard is veel sterker dan
de witte loper.}) 17. Rf3 Qe8 18. Rg3 Kh7 19. Ba3 Rc8 20. Bb4 a5 21. Ba3 Nd8 {
Op dit moment heeft wit ruim een kwartier gebruikt en ik slechts 5 minuten.
Vanaf hier kan ik me het exacte partijverloop niet meer herinneren. Ik weet
nog dat ik een paard op f5 kreeg, pion a4 geslagen heb, en c5 gespeeld heb.}
22. Qe3 $2 Qxa4 23. Qd2 Nf7 24. Kg1 Nh6 25. Qd3 Nf5 26. Rg5 Qd7 27. g3 c5 28.
dxc5 bxc5 29. Bc1 Qc7 30. Bf4 Rhf8 {Zo moet het ongeveer gestaan hebben.
Merkwaardig dat ik me het vervolg absoluut niet kan herinneren terwijl de
eerste partij me wel helder voor ogen staat. Het zal wel met concentratie te
maken hebben. Deze partij liep te makkelijk. Ik herinner me dat ik in totaal
gewonnen stelling nog blunderde en een stuk weggaf maar ook toen bleef ik nog
gewonnen staan.} 0-1

[Event "KNSB 00/01"]
[Site "KNSB 00/01"]
[Date "2001.02.03"]
[Round "6"]
[White "Witt, R."]
[Black "De Roda, J."]
[Result "1/2-1/2"]
[WhiteElo "2226"]
[BlackElo "2259"]
[PlyCount "202"]

{Ik had de lezers van Euwe Online deze partij van ruim 100 zetten willen
besparen, maar aan de andere kant is in samenhang met Aljechin-Capablanca er
iets van te leren en zeker na de schandalige 4-0 bekernederlaag tegen Utrecht
kunnen mijn teamgenoten wat straftraining wel gebruiken.} 1. Nf3 Nf6 2. d4 d5
3. c4 e6 4. Nc3 Be7 5. Bg5 O-O 6. e3 h6 7. Bh4 b6 8. Rc1 Bb7 9. cxd5 Nxd5 10.
Nxd5 exd5 $6 (10... Bxd5 $11) 11. Bxe7 Qxe7 12. Qa4 c5 13. Qa3 Rc8 {In deze
ste lling staat de zwarte loper prettiger op e6. Die stelling had ik vorig
seizoen met zwart tegen Piet van der Weide, wat bij mij toen sterke
herinneringen opriep aan de beroemde 6e matchpartij Fischer-Spassky, Reykjavik
1972.} 14. Be2 (14. Bd3 Rc7 15. b3 {is een ander en misschien kansrijker idee.}
) 14... a5 15. O-O Na6 16. Bxa6 Bxa6 17. Rfe1 Bb7 18. dxc5 bxc5 19. Nd4 a4 20.
Rc2 Ba6 21. Rec1 Bc4 22. Nf3 Qf6 $2 (22... Ra5) 23. Nd2 Rcb8 24. h3 g6 25. Nxc4
dxc4 26. Qxc5 Rxb2 27. Rxb2 Qxb2 28. Qxc4 a3 {Ziezo, een pion meer, maar hoe
nu verder. Na lang nadenken vond ik het m.i. goede idee.: e3-e4 en de
manoeuvre Tc1-c3-f3. De toren doet daar goed werk: dekt het kwetsbare punt f2
en valt a3 en f7 aan.} 29. Rc3 $1 h5 30. e4 Rd8 31. Rf3 Qa1+ 32. Kh2 Qe5+ 33.
g3 Qe7 34. h4 Rd2 35. Kg2 Rb2 36. Qd5 $6 ({Sterker lijkt} 36. Qc8+ Kh7 (36...
Kg7 $2 37. Qc3+ Kg8 38. Qxa3 $18) 37. Qc6 Rd2 {misschien de enige zet} 38. Qa4
Qe6 39. Rxa3 Re2 $1 {heeft wit niks bereikt.}) ({Maar een goed idee is
misschien} 36. Re3 {om met de e-pion op te rukken.} Qf6 37. Qc8+ Kh7 38. Rf3
Qe7 39. Qc6) 36... Re2 $1 37. Qa8+ Kg7 38. Qxa3 ({Sterker is} 38. Rxa3 {
omdat na bijv.} Qxe4+ 39. Qxe4 Rxe4 40. Re3 $1 {zwart de toren niet achter de
vrijpion krijgt. Dat hebben we net geleerd in Aljechin-Capablanca (hierna te
noemen AC).} Rb4 41. Re1 $1) 38... Qxe4 39. Qc3+ Kg8 40. a3 Re1 41. Qb3 Qe8 42.
Qb7 $6 ({Beter eerst} 42. Kh2 {met de dreiging Te3 en torenruil. Wat hadden we
ook al weer geleerd van AC: De zwarte stukken moeten aan de a-pion gebonden
worden, de toren staat nu veel te actief; diagonaal a1-h8 is belangrijk; na
torenruil is het dameneindspel makkelijk gewonnen; het toreneindspel wint
alleen als de zwarte toren niet achter de vrijpion kan komen.}) 42... Re7 43.
Qd5 Re5 44. Qb3 Re1 45. Rf4 $6 Qa8+ 46. Qf3 $2 {Tsja, zo moet het dus niet
want het toren eindspel is nu remise.} Qa6 {kan ook want forceert ook dameruil
onder gunstige omstandigheden.} 47. Kh2 Qf1 48. Qg2 Qb5 $6 49. a4 Qc5 $2 (49...
Qf1 $1) 50. Qa8+ Kg7 51. Qb7 Re7 52. Qb4 $2 {En zo moet het dus ook niet. Ik
was tijdens de partij van mening dat het toreneindspel makkelijk won met de
witte toren op f4 ook als de zwarte op a1 staat, door eenvoudig met de koning
daar naar toe te lopen. Ik had echter overzien dat zwart door f6 en g5 de
witte toren kan dwingen f2 of a4 los te laten.} Qxb4 53. Rxb4 Re2 54. Kg2 Ra2
55. Rf4 f6 56. Rb4 g5 $1 {De rest is eigenlijk niet zo interessant, wit kan
proberen wat ie wil, maar komt niet verder.} 57. hxg5 fxg5 58. Kf3 Kf6 59. Ke3
Kf5 60. Kf3 Ra3+ 61. Kg2 Ra2 62. Rb5+ Kg6 63. a5 Kf6 64. Rc5 Kg6 65. Kf3 Kf6
66. Ke3 Ra3+ 67. Ke4 Ra4+ 68. Kd3 Ra2 69. Ke3 Ra3+ 70. Ke4 Ra4+ {Tijdcontrole
geweest, vanaf hiet 15' erbij om uit te vluggeren.} 71. Kf3 Kg6 72. Re5 Kf6 73.
Rd5 Kg6 74. Rd6+ Kf5 75. Ra6 Ra3+ 76. Kg2 Ra2 77. Ra8 Kg6 78. a6 g4 79. Kf1 Kg7
80. Ke1 Kh7 81. a7 Kg7 82. Kd1 Kh7 83. Kc1 Kg7 84. Kb1 Ra6 85. Kc2 Kh7 86. Kd3
Kg7 87. Ke4 Ra5 88. Kd4 Kh7 89. Kc4 Kg7 90. Kb4 Ra1 91. Kc5 Kh7 92. Kd6 Kg7 93.
Ke6 Ra6+ 94. Kf5 Ra5+ 95. Ke6 Ra6+ 96. Ke7 Ra2 97. Kd6 Ra6+ 98. Kd5 Ra5+ 99.
Ke6 Ra6+ 100. Kf5 Ra5+ 101. Kf4 Kh7 1/2-1/2

[Event "Unitas-Euwe"]
[Site "?"]
[Date "2001.04.07"]
[Round "?"]
[White "Ma, W."]
[Black "Witt, R."]
[Result "0-1"]
[WhiteElo "2233"]
[BlackElo "2219"]
[Annotator "Witt"]
[PlyCount "80"]

{De uitslagen van mijn partijen worden vaak door geluk of pech bepaald. Na wat
ongelukkige nullen in onze interne competitie werd het weer eens tijd voor een
mazzeltje. De KNSB wedstrijd tegen Unitas leek me daarvoor een uitstekende
gelegenheid. Ik had wat partijen van drie mogelijke tegenstanders nagespeeld
en mijn voorbereiding verder beperkt tot voldoende nachtrust.} 1. e4 c5 2. Nc3
{Ma speelt altijd het Gesloten Siciliaans en ik had vooraf besloten om in
ieder geval iets te spelen dat niet al te gebruikelijk is.} e6 3. g3 d5 4. Bg2
dxe4 ({Een belangrijk alternatief is hier} 4... d4 {mar dat hebben die
witspelers graag.}) 5. Nxe4 Nf6 ({Ik had wat partijen gezien met} 5... Be7 6.
Qg4 {wat meestal beantwoord wordt met g6 of Lf8. De oplossing van Fritz is
echter even verrassend als doeltreffend:} f5 $1 7. Qxg7 Qd4 $1 8. Qxd4 cxd4 {
en het witte paard is midden op het bord gevangen.}) ({Het liefst had ik
eigenlijk het totaal onbekende} 5... Nh6 $5 {willen spelen. Ik vreesde echter
de scherpe tong van Ballon op de lange terugreis naar Amsterdam voor het geval
het mis zou gaan. Toch ziet de zet er ook bij nadere beschouwing heel goed uit.
Misschien iets voor een volgende keer.}) 6. Nxf6+ Qxf6 7. Nf3 Nc6 8. O-O Be7 {
Een wat luie zet. Eerst het wat subtielere Dd8 lijkt me achteraf beter.} 9. c3
h6 (9... e5 {bevalt me niet zo omdat ik na} 10. Re1 Bg4 11. h3 {het loperpaar
moet opgeven.}) 10. d4 O-O {Tijdverbruik wit 12'; zwart 13'} 11. Bf4 Rd8 {
21'/16'. Eigelijk had ik dit vooraf willen laten gaan door ruil op d4, maar
dat vergat ik even.} 12. Qe2 {Een verrassend pionoffer. Ik had voornamelijk
rekening gehouden met} (12. Ne5 {waarna ik kan kiezen tussen het solide Ld7 of
het scherpe cxd4.}) 12... cxd4 13. cxd4 Nxd4 14. Nxd4 Qxd4 15. Rfd1 Qb6 {
30'/24'} 16. Rxd8+ Qxd8 ({Er was ook wel iets te zeggen voor} 16... Bxd8 {
Als wit vervolgt met Td1 kan de loper mooi naar f6 en op andere zetten kan Lc8
ontwikkeld worden.}) 17. Rd1 Qa5 18. Be5 f6 {48'/34'} (18... Qxa2 $2 {faalt op}
19. Qb5 $1 $16) 19. Bc3 Qc7 $2 (19... Qxa2 $2 {faalt nog steeds op} 20. Qb5) ({
maar het beste is waarschijnlijk} 19... Qc5 $1 {Lc8 kan dan voorlopig niet
naar d7, maar de belangrijke velden b5 en h5 worden gecontroleerd en zwart kan
proberen zich los te werken met Tb8 en b5, of met a5 en Ta6.}) 20. Qg4 ({
Wit is uitsluitend gefixeerd op de verzwakte zwarte koningsvleugel. Zoals
Gertjan na de partij volkomen terecht opmerkte, is het ook belangrijk om druk
te houden op de damevleugel. sterk in aanmerking kwamdanook} 20. Qb5 $5 {
een zet die ik gemist had. Zwart vervolgt waarschijnlijk het beste met} Bf8 {
waarna het niet duidelijk is hoe wit het beste kan spelen, maar hij heft
ongetwijfeld voldoende compensatie. Bijv.} 21. Qe8 (21. Be4 $5) 21... Qe7 (
21... Qf7 $2 22. Qxf7+ Kxf7 23. Bxb7 Bxb7 24. Rd7+ Kg6 25. Rxb7 $14) 22. Qg6 (
22. Qxe7 $2 Bxe7 23. Bxb7 Bxb7 24. Rd7 Bd5 25. Rxe7 Bxa2 $15) 22... a5 23. Be4
f5 $15 {gevolgd door Df7.}) 20... Bd7 {1.02/43' Gedwongen.} ({Op eerst} 20...
Kf8 {volgt sterk} 21. Qg6 Bd7 22. Qh7 Rd8 23. Bf3 $18) 21. Be4 (21. Qe4 $5 Rb8
{Misschien is het wel het beste om met Td8 pion b7 te geven en remise te maken.
} (21... Qc6 $2 22. Qd3 $18) 22. Bh3 Kf7 23. Bg4 Qc6 24. Qh7 Rg8 25. Bh5+ Kf8
26. Qd3 Be8 27. Bf3 Qc8 {en het lijkt allemaal wel te gaan voor zwart.}) 21...
Kf8 {Ik dacht dat dit gedwongen was.} ({Maar achteraf lijkt} 21... Rd8 $5 {
toch sterker bijv.} 22. Qg6 Bc6 $1 {dit had ik niet gezien, ik dacht dat Le8
gedwongen was.} 23. Qh7+ Kf8 24. Bc2 $15) 22. Bc2 Rd8 {over 36'/1.03} 23. Bb3
Qc6 (23... Qb6 $1 {was achteraf beter.}) 24. Rd4 $1 {Deze zet verrastte me
volkomen. Ik dacht dat Te1 de enige manier was om verder te spelen.} e5 {
over 23'/42' Na 20'nadenken en ook in de analyse na de partij dachten we dat
dit de winnende zet was en Td4 dus een fout.} 25. Rxd7 $2 {En dit verliest ook
inderdaad.} ({Wit kan echter geforceerd remise maken met} 25. Qg6 Be6 26. Rxd8+
$1 {door beide spelers gemist.} ({Het geplande} 26. Rg4 {faalt op} Bxb3 27.
Qxg7+ Ke8 {en zwart heeft dreigt mat zodat axb3 niet gaat.}) 26... Bxd8 27.
Bb4+ Kg8 28. Bc2 f5 29. Bxf5 $11) 25... Rxd7 {15'/42'} 26. Qg6 Bc5 27. Qg4 ({
De bedoeling was natuurlijk} 27. Qh7 {maar na} Qf3 $1 28. Qg8+ Ke7 29. Qxg7+
Kd8 {kan wit opgeven.}) 27... Ke8 {10'/38' Misschien niet de beste, maar ik
voelde de volgende blunder aankomen.} 28. Qc4 $2 {versnelt het einde.} Rd1+ {
5'/37'} 29. Bxd1 Bxf2+ 30. Kxf2 Qxc4 {De rest behoeft geen commentaar.} 31. a3
Qd3 32. Be2 Qf5+ 33. Kg2 Qc2 34. Kf3 a6 35. h4 b5 36. Ke3 Kf7 37. h5 f5 38. Bd3
Qc1+ 39. Kf2 Ke6 40. Be2 Qh1 {en ik kreeg in de kantine te horen dat mijn
tegenstander had opgegeven. Tsja. Denk je een tamelijk regelmatige overwinning
behaald te hebben, blijkt het achteraf allemaal weer niks. Donner had gelijk,
schaken is een geluksspel. Maar ik sta weer op 50%, het team heeft met 8-2
gewonnen, het Mexicaanse eten was lekker, kortom, een geslaagde dag.} 0-1

[Event "Euwe-Oegstgeest"]
[Site "?"]
[Date "2001.05.12"]
[Round "9"]
[White "Witt, R."]
[Black "Reedijk, A."]
[Result "1-0"]
[WhiteElo "2219"]
[BlackElo "2207"]
[Annotator "Witt"]
[PlyCount "45"]

{Natuurlijk weer geen partij om trots op te zijn. Ik geef hem alleen omdat de
opening wat leerzame momenten bevat, die niet bij een ieder bekend zullen zijn.
} 1. Nf3 c5 2. c4 g6 {Dit verbaasde me enigszins. Ik had me voor de partij
laten ontvallen dat ik eigenlijk op Neboscha Nikolic gerekend had, omdat die
bijna altijd met zwart speelt en altijd Maroczy. Mijn tegenstander kon dus
verwachten dat ik dit voorbereid had.} 3. d4 cxd4 4. Nxd4 Bg7 5. e4 Nc6 6. Be3
Nf6 7. Nc3 O-O 8. Be2 b6 {Via zetverwisseling is een Siciliaanse Maroczy
ontstaan. De opbouw met b6 is echter minder gebruikelijk. Nikolic deed vorig
jaar iets als Pxd4 en d6. Ik kon me zowaar herinneren dat ik voor het laatst
tegen dit systeem met b6 gespeeld had in Wijk aan Zee 1977 tegen de sterke
Spaanse meester Bellon. Deze partij werd na spannende strijd remise.} 9. O-O
Bb7 {Het mag dan een ongebruikelijk systeem zijn. Evengoed kun je in Chesslab
meer dan 300 partijen vinden met deze stelling. Op dit moment dreigt er nog
niet Pxd4 Lxd4 Pxe4 wegens Lxg7 Kxg7 Pxe4 Lxe4 en Dd4 schaak met stukwinst (ik
denk nooit in zetnummers). Hele volksstammen hebben nu Tc1 gespeeld. Dat faalt
echter op Pxd4 Lxd4 Lh6! en wit kan kiezen tussen pionverlies of
kwaliteitsverlies, zoals o.a. onze eigen Rob Ritsema vorig jaar overkwam. Die
truc moet je dus vermjden. Er is echter nog een truc.} 10. Qd2 $2 {Ik was
inmid dels vergeten dat dit ook zijn bezwaren had. Normaal is 10.f3 zoals ik
24 jaar geleden wel speelde tegen die Bellon. Je kan dan met zwart diverse
opstellingen innemen. Het meest esthetisch vind ik Db8 Td8 d6 Td7 Df8 en Tad8.
Sommige mensen leren zo'n manoeuvre uit hun hoofd want ik zag het zelfs in een
partij na de blunder 10.Tc1.} Nxd4 11. Bxd4 e5 $1 {En toen wist ik het weer.
De mooie vondst van diezelfde Bellon in 1976. De informatie ging toen nog niet
zo snel en tientallen trapten erin waaronder de allergrootsten als Geller in
1976 en Tal in 1977. Zelf was ik er ook een keer ingetuind tegen Hartoch.} 12.
Bxe5 Nxe4 13. Nxe4 ({Het enige want bijv.} 13. Qd4 {verliest een stuk na} Bxe5
14. Qxe5 Re8 15. Qd4 Nxc3 16. Qxc3 Rxe2) 13... Bxe5 14. Nc3 ({De meeste
partijen gaan verder met} 14. Nd6 {maar ik zag tot mijn genoegen dat Geller en
Tal ook voor Pc3 gekozen hadden}) 14... Re8 15. Rfe1 {Tal speelde destijds de
andere toren naar e1, en Geller deed Tac1, gevolgd door Tc2 en Pd5 en bereikte
remise. Dit lijkt me achteraf het beste.} Qh4 16. h3 Qf6 17. Bf1 {Tal (met de
andere toren op e1) sloeg op d7 en verloor snel.} Re6 {Ik had hier Lc6 of Lxc3
verwacht waarna zwart iets beter staat.} 18. Nd5 Bxd5 19. cxd5 Rd6 $6 {Dit is
te gekunsteld. Zwart hoopt in combinatie met Ld4 en/of Tc8-c5 pion d5 te
kunnen veroveren, maar dat werkt niet.} 20. Re2 $1 {Teamleider Sander vond dit
maar een rare zet, maar dit is natuurlijk veel beter dat Tb1. Behalve b2 wordt
ook f2 nog eens gedekt en een eventuele verdubbeling op de e-lijn kan lastig
zijn. Ik was er inmiddels van overtuigd dat ik deze partij niet meer kon
verliezen. Wie had kunnen vermoeden dat de partij over 3 zetten voorbij is.}
Rc8 (20... Bd4 {dreigt niks. Wit vervolgt eenvoudig met} 21. g3 Rxd5 22. Bg2
Bxf2+ 23. Rxf2 Rxd2 24. Rxf6 $16) 21. g3 Kg7 22. Bg2 Qf5 $2 {Vreselijk, hij
zag dat zijn loper in moeilijkheden dreigde te komen en maakt een vluchtveld.}
({Na bijv.} 22... b5 {staat wit een tikkeltje beter maar remise is het meest
waarschijnlijk.}) 23. f4 {Pas nu zag zwart wat hij had aangericht na Lf6 24.g4
heeft de dame geen vluchtveld. Enigszins verbouwereerd aanvaardde ik zijn
overgave.} 1-0